Advanced engineering mathematics (Record no. 2354)

000 -LEADER
fixed length control field 00457nam a22001937a 4500
001 - CONTROL NUMBER
control field 2354
003 - CONTROL NUMBER IDENTIFIER
control field BD-DhUET
008 - FIXED-LENGTH DATA ELEMENTS--GENERAL INFORMATION
fixed length control field 140922b xxu||||| |||| 00| 0 eng d
020 ## - INTERNATIONAL STANDARD BOOK NUMBER
International Standard Book Number 8121903459
040 ## - CATALOGING SOURCE
Transcribing agency 0
Modifying agency BD-DhUET
082 ## - DEWEY DECIMAL CLASSIFICATION NUMBER
Classification number 510
Item number DAS/2007
100 ## - MAIN ENTRY--PERSONAL NAME
Personal name Dass, H.K.
245 ## - TITLE STATEMENT
Title Advanced engineering mathematics
250 ## - EDITION STATEMENT
Edition statement 17th Rev. ed.
260 ## - PUBLICATION, DISTRIBUTION, ETC. (IMPRINT)
Place of publication, distribution, etc. Ram Nagar
Name of publisher, distributor, etc. S. Chand.
Date of publication, distribution, etc. 2007
300 ## - PHYSICAL DESCRIPTION
Extent xvi,1274p.
650 #0 - SUBJECT ADDED ENTRY--TOPICAL TERM
Topical term or geographic name as entry element Mathematics
942 ## - ADDED ENTRY ELEMENTS (KOHA)
Koha item type General Book
Holdings
Koha date last borrowed Koha item type Source of classification or shelving scheme Withdrawn status Copy number Lost status Koha normalized classification for sorting Damaged status Not for loan Piece designation (barcode) Koha full call number Koha out on loan Location (home branch) Sublocation or collection (holding branch) Koha issues (times borrowed) Price effective from Date acquired Shelving location Koha date last seen
2022-11-23General Book  1 510DAS2007  103924510/DAS/2007 Central Library, BUETCentral Library, BUET32014-09-222014-09-22Circulation section2023-05-06
2026-01-13General Book  2 510DAS2007  103925510/DAS/20072026-01-27Central Library, BUETCentral Library, BUET62014-09-222014-09-22Circulation section2026-01-13
2024-12-01General Book  3 510DAS2007  103927510/DAS/2007 Central Library, BUETCentral Library, BUET42014-09-222014-09-22Circulation section2025-02-10
2023-03-22General Book  4 510DAS2007  103928510/DAS/2007 Central Library, BUETCentral Library, BUET32014-09-222014-09-22Circulation section2023-06-05
2014-11-12General Book  5 510DAS2007  103929510/DAS/2007 Central Library, BUETCentral Library, BUET12014-09-222014-09-22Circulation section2016-02-24
2023-01-11General Book  7 510DAS2007  103931510/DAS/2007 Central Library, BUETCentral Library, BUET22014-09-222014-09-22Circulation section2023-02-28
2026-04-15General Book  6 510DAS2007  103930510/DAS/20072026-04-29Central Library, BUETCentral Library, BUET32014-09-222014-09-22Circulation section2026-04-15
2019-01-20General Book  8 510_000000000000000_DAS_2007  103922510/DAS/2007 Central Library, BUETCentral Library, BUET22015-01-262015-01-26Circulation section2019-03-31
2025-03-02General Book  9 510DAS_2007_000000000000000  103923510DAS/2007 Central Library, BUETCentral Library, BUET22015-09-012015-09-01Circulation section2025-04-07
2024-11-24General Book  10 510_000000000000000_DAS_2007  103926510/DAS/20072024-12-08Central Library, BUETCentral Library, BUET112017-05-292007-05-28Circulation section2024-11-24